The Invisible Man /
The Invisible Man - audiokniha obsahuje příběh v angličtině, který je určen pro začátečníky, kteří si chtějí vyzkoušet, jak si poradí se souvislým textem v angličtině. Na motiv Herberta George Wellshe zpracovala Dana Olšovská. Audioknihu namluvil rodilý mluvčí Phil Watson. Jak se stát neviditelným?...
Uloženo v:
| Hlavní autor: | |
|---|---|
| Další autoři: | |
| Médium: | E-audiokniha |
| Vydáno: |
Praha :
Albatros Media a.s.,
2020
|
| Tagy: |
Žádné tagy |
| LEADER | 02348nim a22004097i 4500 | ||
|---|---|---|---|
| 001 | 313113 | ||
| 007 | sr nunnnnnnned | ||
| 044 | |a xr | ||
| 100 | 1 | |a Wells, H. G. |4 aut | |
| 245 | 1 | 0 | |a The Invisible Man / |c Wells, H. G. |
| 264 | 1 | |a Praha : |b Albatros Media a.s., |c 2020 | |
| 300 | |a 1 online zdroj (1 hod., 10 min., 0 sek.) | ||
| 336 | |a mluvené slovo |b spw |2 rdacontent | ||
| 337 | |a audio |b s |2 rdamedia | ||
| 338 | |a online zdroj |b cr |2 rdacarrier | ||
| 505 | 0 | 0 | |t The Strange Man's Arrival (4 min., 42 sek.) |
| 505 | 0 | 0 | |t Mr. Teddy Henfrey’s First Impressions (3 min., 12 sek.) |
| 505 | 0 | 0 | |t The Thousand and One Bottles (3 min., 38 sek.) |
| 505 | 0 | 0 | |t Mr. Cuss Interviews the Stranger (4 min., 44 sek.) |
| 505 | 0 | 0 | |t Peculiar Events (4 min., 6 sek.) |
| 505 | 0 | 0 | |t The Unveiling of the Stranger (5 min., 47 sek.) |
| 505 | 0 | 0 | |t Mr. Thomas Marvel (3 min., 32 sek.) |
| 505 | 0 | 0 | |t The Invisible Man Returns to Iping (4 min., 17 sek.) |
| 505 | 0 | 0 | |t At Port Stowe (3 min., 31 sek.) |
| 505 | 0 | 0 | |t The Man Who Was Running (3 min., 9 sek.) |
| 505 | 0 | 0 | |t Doctor Kemp’s Visitor (4 min., 41 sek.) |
| 505 | 0 | 0 | |t The Story of the Invisible Man (6 min., 44 sek.) |
| 505 | 0 | 0 | |t The Hunting of the Invisible Man (2 min., 15 sek.) |
| 505 | 0 | 0 | |t The Siege of Kemp’s House (8 min., 22 sek.) |
| 505 | 0 | 0 | |t The Hunter Hunted (6 min., 12 sek.) |
| 505 | 0 | 0 | |t The Epilogue (2 min., 4 sek.) |
| 520 | 2 | |a The Invisible Man - audiokniha obsahuje příběh v angličtině, který je určen pro začátečníky, kteří si chtějí vyzkoušet, jak si poradí se souvislým textem v angličtině. Na motiv Herberta George Wellshe zpracovala Dana Olšovská. Audioknihu namluvil rodilý mluvčí Phil Watson. Jak se stát neviditelným? A jaká úskalí tento zdánlivě úžasný stav s sebou nese? Poslechnete si napínavý příběh o mladém vědci a studujte přitom angličtinu! Poté, co mladý přírodovědec Griffin objeví klíč k neviditelnosti a provede úsp | |
| 700 | 1 | |a Watson, Phil |4 nrt | |
| 910 | |a RBIT002 | ||
| 998 | |d 357640 |a https://core.palmknihy.cz/api/books/357640/cover?slcig2 |b https://core.palmknihy.cz/api/books/357640/cover/400?slcig2 |c https://core.palmknihy.cz/api/books/357640/cover/50?slcig2 |e 2050-12-31 |i 8594050430341 |l 4200 |q 49 |r 1 |s https://www.palmknihy.cz/kniha/357640 |t audiobook |y 2020 |z 1 | ||
| 999 | |d 313111 | ||